| 000 | 01013nam a2200217Ia 4500 | ||
|---|---|---|---|
| 001 | 265.34-COM an gi (6308) | ||
| 003 | IT-MiSPE | ||
| 008 | 171229s9999||||xx |||||||||||||| ||und|| | ||
| 040 |
_aIT-MiSPE _cIT-MiSPE |
||
| 041 | _aITALIANO | ||
| 100 | _aAngelo Comastri | ||
| 245 | 0 |
_aIl giorno del Signore _bIII. Riflessioni sulle letture festive: Ciclo C |
|
| 250 | _a1a ed. (v) | ||
| 260 |
_aMilano _bEd. Paoline _c1991 |
||
| 300 |
_a302 p. [3 v.] _c18 cm |
||
| 490 |
_a Servizio della Chiesa locale _v33 |
||
| 501 | _aEdizioni San Paolo srl - Piazza Soncino, 5 - 20092 CINISELLO BALSAMO (MI) (non commercial uses only) ® Copyright 2018 | ||
| 942 | _cBK | ||
| 957 | _71 | ||
| 999 |
_a14080 _bNO _g Copie: 1 _c345166 _d345166 |
||